|
|
|
|
| LEADER |
01064nta a2200241 i 4500 |
| 001 |
dipl123934 |
| 005 |
20220401171437.0 |
| 008 |
220401s2021 hu om 0|| hun d |
| 040 |
|
|
|a SZTE Diploma Repozitórium
|b hun
|
| 041 |
|
|
|a hun
|
| 100 |
1 |
|
|a Markó Ferenc
|
| 245 |
1 |
0 |
|a Árpa (Hordeum vulgare L.) in vitro portoktenyésztési módszerek összehasonlító elemzése a Gabonakutató Nonprofit Kft. árpanemesítési programja számára
|h [elektronikus dokumentum] /
|c Ferenc Markó
|
| 246 |
1 |
0 |
|a Barley (Hordeum vulgare L.) comparative analysis of in vitro anther culture methods for the barley breeding program of Cereal Research Nonprofit Limited Company
|h [elektronikus dokumentum]
|
| 260 |
|
|
|c 2021
|
| 650 |
|
4 |
|a Agrár
|
| 650 |
|
4 |
|a Agricultural sciences
|
| 650 |
|
4 |
|a Animal and Dairy science
|
| 650 |
|
4 |
|a Animal and dairy science
|
| 650 |
|
4 |
|a Zootechnics
|
| 650 |
|
4 |
|a Feed products
|
| 700 |
0 |
1 |
|a Monostori Tamás
|e ths
|
| 700 |
0 |
1 |
|a Lantos Csaba
|e ths
|
| 856 |
4 |
0 |
|u https://diploma.bibl.u-szeged.hu/id/eprint/123934/1/2021_marko_ferenc.pdf
|z Dokumentum-elérés
|